000 00790nam a2200229 a 4500
001 1324
003 BR-CuiBMT
005 20231205014406.0
008 231205s2000 mtba 001 0 por d
040 _aBR-CuiBMT
_cBR-CuiBMT
080 _a94
_x(817.2).02/.03
_22007
090 _a94(817.2).02/.03
_bS586q
100 1 _aSilva, Paulo Pitaluga Costa e
245 1 0 _aQuadros históricos de Mato Grosso :
_bperíodo colonial /
_cPaulo Pitaluga Costa e Silva, Moacyr Freitas.
260 _aCuiabá :
_b[s.n.],
_c2000.
300 _a70 p. :
_bil., color. ;
_c22x29 cm
504 _aInclui bibliografia e índice.
650 _aQuadros históricos
_yPeríodo colonial
_zMato Grosso
651 _aMato Grosso
_xHistória
_yPeríodo colonial
700 1 _aFreitas, Moacyr,
_d1930-
942 _2udc
_cLV
999 _c1324
_d1324